Socrates to Sartre : a history of philosophy

Bibliographic Details
Main Author: Stumpf, Samuel Enoch
Format: Book
Published: New York : McGraw-Hill , 1993
Edition:5th ed
Subjects:

MARC

LEADER 00000cam a2200000 7i4500
001 0000004384
002 000004712
005 20000330.0
020 |a 0070624690 
090 0 0 |a 190   |b STU 
100 1 |a Stumpf, Samuel Enoch 
245 1 0 |a Socrates to Sartre :   |b a history of philosophy   |c Samuel Enoch Stumpf 
250 |a 5th ed 
260 |a New York :   |b McGraw-Hill ,   |c 1993 
300 |a 577p. ;   |c 24cm. 
650 0 0 |a Philosophy   |x History 
999 |a 032901   |b BUKU   |c PINJAMAN   |e PERPUSTAKAAN KOMUNITI PETALING JAYA